000 00289 a2200145 4500
001 62722
020 _a9788506055212
040 _cAnchieta - Pituba
240 1 0 _aCamp Rock
_lpor
245 1 0 _aCamp Rock
300 _a144
362 0 _a2008
650 4 _aLiteratura juvenil
942 _cBK
999 _c62722
_d62722